Andaman and Nicobar Islands: report and tables on housing and establishments and report and tables on scheduled tribes and reprints from old publications (Record no. 484013)

000 -LEADER
fixed length control field 00534cam a22001217a 4500
008 - FIXED-LENGTH DATA ELEMENTS--GENERAL INFORMATION
fixed length control field 180718b1966 xxu||||| |||| 00| 0 eng d
082 ## - DEWEY DECIMAL CLASSIFICATION NUMBER
Classification number A81x54 In2/61/17/PT4&5
100 ## - MAIN ENTRY--PERSONAL NAME
Personal name Census of India 1961
245 ## - TITLE STATEMENT
Title Andaman and Nicobar Islands: report and tables on housing and establishments and report and tables on scheduled tribes and reprints from old publications
260 ## - PUBLICATION, DISTRIBUTION, ETC.
Place of publication, distribution, etc. Delhi
Name of publisher, distributor, etc. The Manager of Publications
Date of publication, distribution, etc. 1966
300 ## - PHYSICAL DESCRIPTION
Extent 294+p.
440 ## - SERIES STATEMENT/ADDED ENTRY--TITLE
Title Census of India 1961. Volume XVII, Andaman and Nicobar Islands. Part-IV and Part-V
Holdings
Withdrawn status Lost status Damaged status Not for loan Permanent Location Current Location Date acquired Full call number Barcode Date last seen Price effective from Koha item type
        Indian Institute of Public Administration Indian Institute of Public Administration 2018-08-04 A81x54 In2/61/17/PT4&5 G8818 2018-08-04 2018-08-04 G

Powered by Koha